Most Popular Names In Argentina - Statistics

General Stats
  • This quiz has been taken 36 times
  • The average score is 3 of 20
Answer Stats
Hint Answer % Correct
Juan
79%
Boy Mateo
29%
Martina
21%
Olivia
21%
Girl Emma
18%
Isabella
14%
Liam
14%
Mia
14%
Noah
14%
Ciro
11%
Felipe
11%
Thiago
11%
Bruno
7%
Victoria
7%
Alma
4%
Catalina
4%
Ámbar
0%
Bautista
0%
Benicio
0%
Delfina
0%
No matching quizzes found
Score Distribution
Percent of People with Each Score
Percentile by Number Answered
Your Score History
You have not taken this quiz